| 000 | 00582nam a2200205 a 4500 | ||
|---|---|---|---|
| 005 | 20230602063700.0 | ||
| 008 | 991125s1982 mx 000 0 spa u | ||
| 020 | _a9684342446 | ||
| 035 | _aUPN01000026174 | ||
| 049 | _aSEP | ||
| 050 | 4 | _aPQ7201 M6.3 | |
| 100 | 1 | _aMorales, Vicente | |
| 245 | 1 | 0 |
_aGerardo : _bhistoria de un jugador / _cVicente Morales |
| 260 |
_aMéxico : _bPremiá$bSEP, Dirección General dePublicaciones y Bibliotecas, _c1982 |
||
| 300 | _a247 p | ||
| 440 | 3 |
_aLa matraca; _v3 |
|
| 650 | 4 |
_aNovela mexicana _94557 |
|
| 904 |
_aAC _b026175 |
||
| 905 | _aLibro | ||
| 999 |
_c26174 _d26174 |
||